[Event "Guernsey Open"]
[Site "Guernsey GCI"]
[Date "2007.10.23"]
[Round "3"]
[White "Dennis, Nigel W"]
[Black "Rodrigues, D."]
[Result "1/2-1/2"]
[WhiteElo "2005"]
[BlackElo "1855"]
[PlyCount "69"]
[EventDate "2006.10.15"]
[SourceDate "2006.10.28"]

1. e4 e5 2. Nf3 Nc6 3. Bb5 a6 4. Ba4 Nf6 5. O-O Be7 6. Re1 b5 7. Bb3 O-O 8. h3
d6 9. c3 Na5 10. Bc2 c5 11. d4 Qc7 12. Nbd2 cxd4 13. cxd4 Nc6 14. d5 Nb4 15.
Bb1 a5 16. Nf1 Bd7 17. a3 Na6 18. Ng3 g6 19. Be3 Nc5 20. Bc2 a4 21. Rc1 Qb7 22.
Bxc5 dxc5 23. Nxe5 Bd6 24. Nxd7 Nxd7 25. Nf1 f6 26. Bb1 Rae8 27. Nd2 Be5 28.
Rc2 Kg7 29. Nf3 Bd6 30. Rce2 Qb8 31. Qd2 Ne5 32. Nxe5 fxe5 33. Re3 c4 34. Rg3
Rf4 35. Rg4 1/2-1/2

[Event "Guernsey Open"]
[Site "Guernsey GCI"]
[Date "2007.10.23"]
[Round "3"]
[White "Downey, Keith A"]
[Black "Walker, Sam"]
[Result "0-1"]
[WhiteElo "1879"]
[BlackElo "1945"]
[PlyCount "95"]
[EventDate "2006.10.15"]
[SourceDate "2006.10.28"]

1. Nf3 Nf6 2. d4 g6 3. Bf4 Bg7 4. e3 O-O 5. h3 d5 6. Nbd2 c5 7. Be2 Nc6 8. c3
Qb6 9. Qc1 Bf5 10. O-O cxd4 11. exd4 Rac8 12. g4 Be6 13. Be3 Ne4 14. Nxe4 dxe4
15. d5 Qc7 16. dxc6 exf3 17. Bxf3 bxc6 18. Bf4 Qa5 19. Re1 Rfe8 20. a3 Bd5 21.
Be2 e5 22. Be3 f5 23. c4 Be6 24. f3 Qc7 25. Kg2 c5 26. Qc2 Rb8 27. Rab1 Qc6 28.
Kg1 a5 29. Red1 a4 30. b4 axb3 31. Rxb3 Ra8 32. Rb5 Bf8 33. a4 Ra6 34. a5 Rea8
35. Bd2 Bd6 36. Bc3 Bc7 37. Ra1 e4 38. fxe4 fxe4 39. Bf1 Bd7 40. Qg2 Qd6 41.
Rb2 Bc6 42. Rd2 Qe6 43. Rd5 Bxa5 44. Bxa5 Rxa5 45. Rxa5 Rxa5 46. Rd8+ Be8 47.
Qd2 Ra1 48. Qb2 0-1

[Event "Guernsey Open"]
[Site "Guernsey GCI"]
[Date "2007.10.23"]
[Round "3"]
[White "Grant, David"]
[Black "Lentjes, Noad"]
[Result "1-0"]
[WhiteElo "1924"]
[BlackElo "1884"]
[PlyCount "55"]
[EventDate "2006.10.15"]
[SourceDate "2006.10.28"]

1. e4 e6 2. d3 c5 3. Nd2 d5 4. Ngf3 Nf6 5. g3 Nc6 6. Bg2 b5 7. O-O Bb7 8. e5
Nd7 9. Re1 Qc7 10. Qe2 Be7 11. h4 h6 12. Nb1 Rc8 13. Bf4 Qd8 14. h5 Na5 15. Nh2
Ba6 16. Qg4 Bg5 17. Nc3 d4 18. Ne4 Nb7 19. Bxg5 hxg5 20. Nxg5 c4 21. dxc4 Rxc4
22. Bxb7 d3 23. Ne4 Nxe5 24. Qxg7 Rxh5 25. Nf6+ Qxf6 26. Qxf6 Bxb7 27. Rxe5
dxc2 28. Rxh5 1-0

[Event "Guernsey Open"]
[Site "Guernsey GCI"]
[Date "2007.10.23"]
[Round "3"]
[White "Goman, Colin"]
[Black "Reutimann, Hans Peter"]
[Result "1/2-1/2"]
[WhiteElo "1885"]
[BlackElo "1787"]
[PlyCount "78"]
[EventDate "2006.10.15"]
[SourceDate "2006.10.28"]

1. d4 d5 2. Nf3 Nf6 3. Bf4 e6 4. e3 c5 5. Be2 Nc6 6. O-O b6 7. c3 Be7 8. Nbd2
O-O 9. Qc2 Bb7 10. Rad1 Qc8 11. Ng5 h6 12. Nh3 Nh7 13. Bg3 f5 14. f4 Nf6 15.
Bh4 cxd4 16. exd4 Nxd4 17. Qd3 Nxe2+ 18. Qxe2 Bc5+ 19. Kh1 Ng4 20. Rfe1 Ne3 21.
Rc1 Qd7 22. b4 d4 23. Nf3 d3 24. Qd2 Nc4 25. Qd1 Bxf3 26. Qxf3 d2 27. bxc5
dxc1=Q 28. Rxc1 bxc5 29. Bf2 Rac8 30. Qe2 Nb6 31. Rd1 Qc6 32. Qe5 Nd7 33. Qe2
Nf6 34. Qc4 Ne4 35. Be3 Rfd8 36. Re1 Qd5 37. Qa6 Rc7 38. Ng1 Nxc3 39. Qa5 Rcd7
1/2-1/2

[Event "Guernsey Open"]
[Site "Guernsey GCI"]
[Date "2007.10.24"]
[Round "4"]
[White "Ravikumar, Vaidyanathan"]
[Black "Cornelisse, Johnny JA"]
[Result "1/2-1/2"]
[WhiteElo "2350"]
[BlackElo "2187"]
[PlyCount "81"]
[EventDate "2006.10.15"]
[SourceDate "2006.10.28"]

1. Nf3 Nf6 2. b3 d6 3. d4 g6 4. Bb2 Bg7 5. g3 O-O 6. Bg2 c6 7. O-O Na6 8. c4
Ne4 9. Nc3 Nxc3 10. Bxc3 d5 11. cxd5 cxd5 12. Rc1 Nc7 13. Ne5 Nb5 14. Bb2 Be6
15. Rc5 a6 16. a4 b6 17. Rc1 Nd6 18. Ba3 Rc8 19. Qd3 b5 20. e3 Qe8 21. axb5
axb5 22. Bb4 f6 23. Nf3 Ne4 24. Rxc8 Bxc8 25. Rc1 Bf5 26. Qe2 Qd7 27. Nd2 Qb7
28. Nxe4 dxe4 29. Bf1 Rb8 30. Rc5 Bd7 31. Qc2 Bf8 32. Rc7 Qd5 33. Bc5 Ra8 34.
Ra7 Rxa7 35. Bxa7 e5 36. Bc5 exd4 37. Bxd4 Kf7 38. Qc7 Qd6 39. Qa7 Be7 40. b4
Qc6 41. Bc5 1/2-1/2

[Event "Guernsey Open"]
[Site "Guernsey GCI"]
[Date "2007.10.24"]
[Round "4"]
[White "Hillarp Persson, Tiger"]
[Black "Von Saldern, Ruediger"]
[Result "1-0"]
[WhiteElo "2567"]
[BlackElo "2048"]
[PlyCount "55"]
[EventDate "2006.10.15"]
[SourceDate "2006.10.28"]

1. e4 e5 2. Nf3 Nc6 3. Bb5 a6 4. Ba4 Nf6 5. O-O Be7 6. Re1 b5 7. Bb3 O-O 8. h3
d6 9. c3 Na5 10. Bc2 c5 11. d4 Qc7 12. Nbd2 Bd7 13. dxe5 dxe5 14. Nf1 Rad8 15.
Qe2 c4 16. Bg5 Nb7 17. Ne3 Be6 18. Nf5 Rfe8 19. Nxe7+ Rxe7 20. Nh2 Nc5 21. Bxf6
gxf6 22. Qe3 Red7 23. Qh6 Rd3 24. Bxd3 Rxd3 25. Qxf6 Nd7 26. Qh6 Nf8 27. Nf1
Qd7 28. Ng3 1-0

[Event "Guernsey Open"]
[Site "Guernsey GCI"]
[Date "2007.10.24"]
[Round "4"]
[White "Ippel, Cornelius J"]
[Black "Bellin, Robert"]
[Result "1/2-1/2"]
[WhiteElo "2042"]
[BlackElo "2400"]
[PlyCount "103"]
[EventDate "2006.10.15"]
[SourceDate "2006.10.28"]

1. Nc3 c5 2. e4 Nc6 3. Nf3 g6 4. d4 cxd4 5. Nxd4 Bg7 6. Be3 Nf6 7. Be2 O-O 8.
O-O d5 9. exd5 Nxd5 10. Nxd5 Qxd5 11. Bf3 Qa5 12. Nb3 Qc7 13. Qc1 Ne5 14. Be2
Ng4 15. Bxg4 Bxg4 16. f3 Bc8 17. c3 Rd8 18. Bf2 Be5 19. g3 h5 20. Re1 Bf6 21.
Nd4 Bd7 22. Qe3 e5 23. Nb3 Bc6 24. Nc5 b6 25. Ne4 Bg7 26. Rad1 Rxd1 27. Rxd1
Rd8 28. Rxd8+ Qxd8 29. Qe2 f5 30. Nd2 {(=)} g5 31. Be3 Bf6 32. Bf2 Kg7 33. b3
g4 34. c4 Qd7 35. Be3 Qd6 36. f4 Bb7 37. fxe5 Bxe5 38. Bf4 Qc5+ 39. Be3 Qc6 40.
Kf1 Qh1+ 41. Bg1 Kf6 42. Qe3 Ke6 43. Ke1 h4 44. c5 bxc5 45. Nc4 Qe4 46. Nxe5
Kxe5 47. Qxe4+ Kxe4 48. Bxc5 hxg3 49. hxg3 Kf3 50. Bd6 Ke3 51. Bc5+ Kf3 52. Bd6
1/2-1/2

[Event "Guernsey Open"]
[Site "Guernsey GCI"]
[Date "2007.10.24"]
[Round "4"]
[White "Twitchell, David"]
[Black "Reijneveld, Ad"]
[Result "0-1"]
[WhiteElo "1982"]
[BlackElo "2175"]
[PlyCount "78"]
[EventDate "2006.10.15"]
[SourceDate "2006.10.28"]

1. e4 c5 2. d4 cxd4 3. c3 g6 4. cxd4 d5 5. e5 Bg7 6. Nc3 Nh6 7. Bb5+ Nc6 8. Bg5
f6 9. exf6 exf6 10. Bf4 O-O 11. Nge2 Bg4 12. f3 Be6 13. Qd2 Nf7 14. O-O Rc8 15.
Rfe1 f5 16. Rad1 g5 17. Bg3 f4 18. Bf2 Qf6 19. Nc1 h5 20. Nb3 b6 21. Qe2 Rfe8
22. Bxc6 Rxc6 23. Nxd5 Qg6 24. Nb4 Rcc8 25. d5 Bd7 26. Qa6 g4 27. fxg4 Bxg4 28.
Rxe8+ Rxe8 29. Qd3 Bf5 30. Qd2 Ng5 31. Kh1 f3 32. g3 Re2 33. Qc1 Bh3 34. Kg1
Bg2 35. h4 Nh3+ 36. Kh2 Nxf2 37. Qc8+ Kh7 38. Nc1 Ng4+ 39. Kg1 Bd4+ 0-1

[Event "Guernsey Open"]
[Site "Guernsey GCI"]
[Date "2007.10.24"]
[Round "4"]
[White "Van Onzen, Jeroen"]
[Black "Lewyk, Ivor"]
[Result "1-0"]
[WhiteElo "1988"]
[BlackElo "2105"]
[PlyCount "47"]
[EventDate "2006.10.15"]
[SourceDate "2006.10.28"]

1. e4 c5 2. d4 cxd4 3. c3 dxc3 4. Nxc3 d6 5. Nf3 Nc6 6. Bc4 e6 7. O-O Be7 8.
Qe2 Nf6 9. Rd1 Nd7 10. Bf4 O-O 11. Bxd6 Bxd6 12. Rxd6 Qe7 13. Rad1 Nb6 14. Bb5
Nb8 15. Qd2 Qc7 16. e5 a6 17. Bd3 h6 18. Ne4 Nd5 19. Nf6+ Kh8 20. Bb1 Nc6 21.
Nxd5 exd5 22. Rxh6+ Kg8 23. Qg5 Re8 24. Rh7 1-0

[Event "Guernsey Open"]
[Site "Guernsey GCI"]
[Date "2007.10.24"]
[Round "4"]
[White "Hamperl, Fred A"]
[Black "Broek, Thomas"]
[Result "0-1"]
[WhiteElo "2077"]
[BlackElo "2202"]
[PlyCount "90"]
[EventDate "2006.10.15"]
[SourceDate "2006.10.28"]

1. e4 c5 2. Nc3 Nc6 3. Bb5 Nd4 4. Bc4 a6 5. Nce2 Nxe2 6. Qxe2 b5 7. Bd5 Rb8 8.
d3 c4 9. Bf4 Rb6 10. e5 e6 11. Be4 cxd3 12. Qxd3 f5 13. Bf3 Bb7 14. Be3 Rc6 15.
Bxc6 Bxc6 16. Nf3 Qc7 17. O-O-O Be4 18. Qc3 Qxc3 19. bxc3 Ba3+ 20. Kd2 Ne7 21.
Nd4 Bxg2 22. Rhg1 Bd5 23. Nb3 Ng6 24. Bc5 Bxc5 25. Nxc5 O-O 26. Nxa6 Nxe5 27.
Nb4 Be4 28. Ke3 Rc8 29. Kf4 Nf3 30. Rg3 e5+ 31. Ke3 Rxc3+ 32. Ke2 f4 33. Rxf3
Bxf3+ 34. Kd2 Bxd1 35. Kxc3 Kf7 36. Nd3 d6 37. Ne1 g5 38. Kd3 Bg4 39. c4 bxc4+
40. Kc3 d5 41. a4 Ke6 42. a5 Kd6 43. Nc2 Kc5 44. a6 d4+ 45. Kd2 c3+ 0-1

[Event "Guernsey Open"]
[Site "Guernsey GCI"]
[Date "2007.10.24"]
[Round "4"]
[White "Taylor, Geoffrey P"]
[Black "Van der Linde, M."]
[Result "0-1"]
[WhiteElo "2063"]
[BlackElo "2192"]
[PlyCount "50"]
[EventDate "2006.10.15"]
[SourceDate "2006.10.28"]

1. e4 e5 2. Nf3 Nc6 3. Bc4 Nf6 4. d3 Be7 5. O-O O-O 6. Re1 d6 7. c3 Na5 8. Bb5
c5 9. Ba4 Ne8 10. d4 Qc7 11. Qd3 Bg4 12. Nbd2 Nc6 13. d5 Nd8 14. h3 Bd7 15.
Bxd7 Qxd7 16. Nh2 g6 17. Ng4 Ng7 18. f3 f5 19. Ne3 Nh5 20. exf5 gxf5 21. Kh2
Bh4 22. Ndf1 Bxe1 23. g4 Nf4 24. Qd1 Bh4 25. Nxf5 Rxf5 0-1

[Event "Guernsey Open"]
[Site "Guernsey GCI"]
[Date "2007.10.24"]
[Round "4"]
[White "Rowe, Peter"]
[Black "Heppell, Ian N"]
[Result "1/2-1/2"]
[WhiteElo "2046"]
[BlackElo "2150"]
[PlyCount "58"]
[EventDate "2006.10.15"]
[SourceDate "2006.10.28"]

1. d4 d6 2. Bf4 g6 3. Nf3 Bg7 4. e3 Nf6 5. h3 Nbd7 6. Be2 O-O 7. O-O Re8 8. Bh2
c5 9. c3 b6 10. Nbd2 Bb7 11. a4 a6 12. Qb1 Qc7 13. Rc1 e5 14. dxe5 dxe5 15. b4
Nd5 16. Bc4 Nf8 17. Qb3 Rad8 18. Rab1 cxb4 19. cxb4 Qe7 20. Ne4 Nxb4 21. Bxf7+
Qxf7 22. Qxf7+ Kxf7 23. Rxb4 Kg8 24. Nfd2 Rc8 25. Rcb1 Re6 26. Bg3 Nd7 27. f3 {
(=)} Rec6 28. Bh4 Bf8 29. R4b3 Rc1+ 1/2-1/2

[Event "Guernsey Open"]
[Site "Guernsey GCI"]
[Date "2007.10.24"]
[Round "4"]
[White "Adair, James"]
[Black "Prins, Jan"]
[Result "0-1"]
[WhiteElo "2044"]
[BlackElo "2090"]
[PlyCount "182"]
[EventDate "2006.10.15"]
[SourceDate "2006.10.28"]

1. e4 c5 2. Nc3 Nc6 3. g3 g6 4. Bg2 Bg7 5. d3 d6 6. Be3 Rb8 7. Qd2 b5 8. Nge2
b4 9. Nd1 Nd4 10. O-O e6 11. Nc1 Ne7 12. c3 bxc3 13. bxc3 Ndc6 14. Bh6 O-O 15.
Bxg7 Kxg7 16. Ne3 f6 17. Nb3 Ba6 18. f4 Qc7 19. Rf2 Na5 20. Nxa5 Qxa5 21. Bh3
f5 22. Re1 Rf7 23. exf5 exf5 24. Bg2 Qd8 25. d4 h6 26. c4 Kh7 27. Qc3 Qh8 28.
Rd2 Bb7 29. Rb1 Bxg2 30. Rxb8 Qxb8 31. Kxg2 Qb7+ 32. d5 Ng8 33. Rb2 Qc7 34. Nd1
Qd7 35. Re2 Re7 36. Qe1 Rxe2+ 37. Qxe2 Nf6 38. Nf2 Kg7 39. Qe3 Kf7 40. Qc3 {(=)
} Qe7 41. Qb2 h5 42. a4 a6 43. h4 Qd7 44. a5 Qe7 45. Qb6 Ng4 46. Qb2 Ne3+ 47.
Kh2 Nxc4 48. Qh8 Qf6 49. Qc8 Qe7 50. Qh8 {(=)} Qf6 51. Qc8 Ne3 52. Qb7+ Kg8 53.
Nh3 Ng4+ 54. Kg2 Qf7 55. Qb8+ Kg7 56. Qxd6 Qxd5+ 57. Qxd5 Ne3+ 58. Kf3 Nxd5 59.
Ke2 Kf6 60. Kd3 Ke6 61. Ng5+ Kd6 62. Nf7+ Kc6 63. Ne5+ Kb5 64. Nxg6 c4+ 65. Kd4
c3 66. Ne5 c2 67. Nd3 Nb4 68. Nc1 Kxa5 69. g4 fxg4 70. f5 g3 71. Ke3 Kb5 72.
Kf3 Kc5 73. Kxg3 a5 74. Kf4 Kd6 75. Kg5 Ke7 76. Kxh5 Kf8 77. f6 a4 78. Ne2 Nd5
79. f7 a3 80. Nd4 c1=Q 81. Ne6+ Ke7 82. f8=Q+ Kxe6 83. Qg8+ Kd6 84. Qd8+ Ke5
85. Qh8+ Ke4 86. Qe8+ Kf3 87. Qf7+ Nf4+ 88. Kg5 Qc5+ 89. Kh6 Qd5 90. Qg7 Qe6+
91. Kh7 a2 0-1

[Event "Guernsey Open"]
[Site "Guernsey GCI"]
[Date "2007.10.24"]
[Round "4"]
[White "Bucher, Grant"]
[Black "Tan, HB."]
[Result "1-0"]
[WhiteElo "1904"]
[BlackElo "2086"]
[PlyCount "89"]
[EventDate "2006.10.15"]
[SourceDate "2006.10.28"]

1. e4 c5 2. Nf3 d6 3. d4 cxd4 4. Nxd4 Nf6 5. Nc3 g6 6. Be3 Bg7 7. f3 O-O 8. Qd2
Nc6 9. Bc4 Bd7 10. O-O-O Rb8 11. g4 Ne5 12. Bb3 b5 13. Bh6 Nc4 14. Bxc4 bxc4
15. Bxg7 Kxg7 16. Nd5 Nxd5 17. exd5 Qb6 18. Qc3 Kg8 19. Rhe1 Rfe8 20. Re4 e5
21. dxe6 fxe6 22. Ne2 d5 23. Re5 Qa6 24. a3 Rb6 25. Rg5 Reb8 26. Nf4 Be8 27.
Nh5 Qb7 28. Nf6+ Kf8 29. Nxe8 Kxe8 30. Qh8+ Kd7 31. Qxh7+ Kc6 32. Qxb7+ R8xb7
33. Rxg6 Kc5 34. Kd2 Rh7 35. Rh1 Rf7 36. h4 Rxb2 37. Rxe6 Rxf3 38. Rhe1 Rxa3
39. h5 Raa2 40. Rc1 d4 41. h6 d3 42. h7 Rxc2+ 43. Rxc2 Rxc2+ 44. Kd1 Rh2 45.
Re5+ 1-0

[Event "Guernsey Open"]
[Site "Guernsey GCI"]
[Date "2007.10.24"]
[Round "4"]
[White "Lohou, Stephane"]
[Black "Kirby, Peter J"]
[Result "1/2-1/2"]
[WhiteElo "2161"]
[BlackElo "2055"]
[PlyCount "39"]
[EventDate "2006.10.15"]
[SourceDate "2006.10.28"]

1. e4 c5 2. Nf3 Nc6 3. d4 cxd4 4. Nxd4 g6 5. Nc3 Bg7 6. Nde2 Nf6 7. g3 O-O 8.
Bg2 d6 9. O-O Bd7 10. h3 a6 11. Bg5 h6 12. Bf4 Rb8 13. g4 b5 14. a3 Na5 {(=)}
15. e5 dxe5 16. Bxe5 Rc8 17. Bf4 Bc6 18. Qxd8 Rfxd8 19. Bxc6 Nxc6 20. Rfd1
1/2-1/2

[Event "Guernsey Open"]
[Site "Guernsey GCI"]
[Date "2007.10.24"]
[Round "4"]
[White "Taylor, Mark V"]
[Black "Burton, Ron"]
[Result "1-0"]
[WhiteElo "2150"]
[BlackElo "2052"]
[PlyCount "59"]
[EventDate "2006.10.15"]
[SourceDate "2006.10.28"]

1. d4 g6 2. Nc3 Bg7 3. e4 d6 4. Bg5 h6 5. Bh4 Nf6 6. Qd2 Nbd7 7. O-O-O O-O 8.
e5 Nh7 9. f4 Nb6 10. Nf3 Bg4 11. Be2 d5 12. Rdf1 Qd7 13. h3 Bxf3 14. Rxf3 e6
15. g4 Rfc8 16. Bf2 Nc4 17. Bxc4 dxc4 18. Be3 f5 19. gxf5 gxf5 20. Rg1 Kh8 21.
Rfg3 Rg8 22. Qg2 c6 23. Kb1 Nf8 24. Qe2 b5 25. Qh5 Kh7 26. Ne4 fxe4 27. f5 Qe8
28. Rg6 Nxg6 29. fxg6+ Kh8 30. Bxh6 1-0

[Event "Guernsey Open"]
[Site "Guernsey GCI"]
[Date "2007.10.24"]
[Round "4"]
[White "Minnican, Alan William"]
[Black "Galliano, Alex"]
[Result "1/2-1/2"]
[WhiteElo "2110"]
[BlackElo "2012"]
[PlyCount "133"]
[EventDate "2006.10.15"]
[SourceDate "2006.10.28"]

1. Nc3 e5 2. Nf3 Nc6 3. d4 exd4 4. Nxd4 Bc5 5. Nxc6 Qh4 6. e3 bxc6 7. Qf3 d5 8.
Qg3 Qxg3 9. hxg3 Nf6 10. Bd3 Ng4 11. b3 d4 12. Na4 Bb4+ 13. c3 dxc3 14. a3 Bd6
15. Nxc3 Be6 16. Be4 Kd7 17. b4 Nf6 18. Bb2 Nxe4 19. Nxe4 Bd5 20. Nxd6 cxd6 21.
Bxg7 Bxg2 22. Rh4 Rhg8 23. Bd4 a5 24. Rxh7 axb4 25. axb4 Rxa1+ 26. Bxa1 Ra8 27.
Bd4 Ke6 28. Rh6+ Ke7 29. Bf6+ Kd7 30. Rh4 Ra2 31. Rf4 Bd5 32. g4 c5 33. bxc5
dxc5 34. g5 Rc2 35. Rf5 Be6 36. Re5 c4 37. Rc5 Kd6 38. Bd4 Bg4 39. f4 c3 40.
Rxc3 Rxc3 41. Bxc3 Kd5 42. Kf2 Ke4 43. Kg3 Bd1 44. Bd4 Be2 45. Kf2 Bg4 46. Bb6
Bh5 47. Ke1 Bg6 48. Kd2 Bf5 49. Kc3 Kd5 50. Kb4 Bd3 51. Ba7 Be4 52. Kb5 Bf5 53.
Kb6 Bd3 54. Kc7 Bf5 55. Kd8 Ke6 56. Bd4 Bb1 57. Ke8 Bh7 58. Kf8 Bb1 59. Kg7 Bg6
60. Kh6 Kf5 61. Bc5 Ke6 62. Kg7 Bb1 {(=)} 63. Bd4 Bg6 64. Kh6 Kf5 65. Bb2 Ke6
66. Kg7 Bb1 67. Kf8 1/2-1/2

[Event "Guernsey Open"]
[Site "Guernsey GCI"]
[Date "2007.10.24"]
[Round "4"]
[White "Thurlow, Kevin J"]
[Black "Spanton, Timothy R"]
[Result "1/2-1/2"]
[WhiteElo "2091"]
[BlackElo "1985"]
[PlyCount "53"]
[EventDate "2006.10.15"]
[SourceDate "2006.10.28"]

1. c4 c5 2. Nc3 g6 3. g3 Bg7 4. Bg2 Nc6 5. e3 d6 6. Nge2 e5 7. O-O Nge7 8. b3
O-O 9. Bb2 Be6 10. Rc1 Qd7 11. Nd5 Bxd5 12. cxd5 Nb4 13. Nc3 Nd3 14. Rb1 b5 15.
Qe2 Nxb2 16. Rxb2 Rfb8 17. Rc2 a5 18. Rb1 a4 19. b4 c4 20. Rf1 f5 21. f3 Re8
22. e4 f4 23. a3 g5 24. g4 Ng6 25. Rfc1 Rec8 26. Qf2 Bf6 27. Qf1 1/2-1/2

[Event "Guernsey Open"]
[Site "Guernsey GCI"]
[Date "2007.10.24"]
[Round "4"]
[White "Robinson, Tom"]
[Black "Morcom, Huw C"]
[Result "1-0"]
[WhiteElo "2090"]
[BlackElo "1978"]
[PlyCount "81"]
[EventDate "2006.10.15"]
[SourceDate "2006.10.28"]

1. e4 c5 2. Nc3 a6 3. a4 d6 4. f4 g6 5. Nf3 Bg7 6. d3 Nc6 7. g3 e6 8. Bg2 Nge7
9. O-O Rb8 10. Ne2 b5 11. axb5 axb5 12. Kh1 O-O 13. g4 f5 14. gxf5 exf5 15. Ng3
Nd4 16. Nxd4 Bxd4 17. c3 Bg7 18. Re1 Kh8 19. Ra7 Bb7 20. exf5 Qb6 21. Rxb7 Rxb7
22. fxg6 Nxg6 23. Bxb7 Qxb7+ 24. Kg1 Nh4 25. Ne4 d5 26. Ng5 d4 27. Qg4 Nf5 28.
Qh5 Bh6 29. Re8 Qg7 30. Rxf8+ Qxf8 31. Nf7+ Kg8 32. Qxf5 Qxf7 33. Qxc5 dxc3 34.
Qxc3 Bg7 35. Qc8+ Bf8 36. Qg4+ Kh8 37. Be3 h5 38. Bd4+ Kh7 39. Qg5 Qd7 40.
Qxh5+ Bh6 41. Be5 1-0

[Event "Guernsey Open"]
[Site "Guernsey GCI"]
[Date "2007.10.24"]
[Round "4"]
[White "Khamroev, Ravshah"]
[Black "Van Hoek, Wilhelmus J"]
[Result "1-0"]
[WhiteElo "2083"]
[BlackElo "1926"]
[PlyCount "49"]
[EventDate "2006.10.15"]
[SourceDate "2006.10.28"]

1. e4 e5 2. Nc3 Nf6 3. Bc4 Nc6 4. d3 Na5 5. Nge2 c6 6. O-O Be7 7. a3 Nxc4 8.
dxc4 d6 9. h3 O-O 10. Qd3 Be6 11. Bg5 Ne8 12. Bxe7 Qxe7 13. Rad1 g6 14. b3 b6
15. Qe3 Ng7 16. f3 Rad8 17. Rd2 Rd7 18. Rfd1 Rfd8 19. Nc1 f5 20. Nd3 f4 21. Qf2
Qg5 22. Nb4 Ne8 23. h4 Qf6 24. Nxc6 Rc8 25. Nb4 1-0

[Event "Guernsey Open"]
[Site "Guernsey GCI"]
[Date "2007.10.24"]
[Round "4"]
[White "Walker, Sam"]
[Black "Kamps, JW."]
[Result "0-1"]
[WhiteElo "1945"]
[BlackElo "2077"]
[PlyCount "54"]
[EventDate "2006.10.15"]
[SourceDate "2006.10.28"]

1. c4 Nf6 2. g3 e5 3. Bg2 d6 4. Nc3 c6 5. d4 Nbd7 6. e4 Be7 7. Nge2 O-O 8. O-O
Re8 9. h3 Bf8 10. b3 a6 11. f4 b5 12. g4 Bb7 13. Ng3 exd4 14. Qxd4 d5 15. Qd1
b4 16. Na4 Nxe4 17. Nxe4 dxe4 18. Qe2 Nc5 19. Nxc5 Bxc5+ 20. Kh2 Bd4 21. Bb2 c5
22. Rad1 Qd6 23. Bc1 Rad8 24. a4 bxa3 25. Bxa3 Qb6 26. Qc2 e3 27. Bxb7 e2 0-1

[Event "Guernsey Open"]
[Site "Guernsey GCI"]
[Date "2007.10.24"]
[Round "4"]
[White "Dijksterhuis, Rolf"]
[Black "Williams, Peter A"]
[Result "1/2-1/2"]
[WhiteElo "2076"]
[BlackElo "1816"]
[PlyCount "138"]
[EventDate "2006.10.15"]
[SourceDate "2006.10.28"]

1. e4 e6 2. d4 d5 3. Nc3 Bb4 4. Nge2 dxe4 5. a3 Be7 6. Nxe4 Nf6 7. N2g3 Nxe4 8.
Nxe4 Nd7 9. Be2 Nf6 10. Nxf6+ Bxf6 11. c3 O-O 12. O-O Bd7 13. Bf3 c6 14. Bf4
Bg5 15. Qd2 Bxf4 16. Qxf4 Qb6 17. b4 a5 18. h4 axb4 19. axb4 Rfc8 20. h5 h6 21.
Be2 Qd8 22. Qd6 Be8 23. Rxa8 Rxa8 24. Qxd8 Rxd8 25. Ra1 Kf8 26. Ra7 Rd7 27. f4
Ke7 28. Kf2 Kd6 29. Ke3 Kc7 30. g4 Kb8 31. Ra1 f6 32. Re1 Re7 33. Kd2 Kc7 34.
Bf3 b5 35. c4 bxc4 36. Kc3 Kd6 37. Ra1 e5 38. dxe5+ fxe5 39. f5 Bf7 40. Ra6 Bd5
41. Be2 Rb7 42. Bxc4 Bxc4 43. Kxc4 e4 44. Kc3 e3 45. Ra2 Ke5 46. Ra6 e2 47. Kd2
Rxb4 48. Rxc6 Rxg4 49. f6 Re4 50. Ke1 gxf6 51. Rc8 Kf5 52. Rg8 Ra4 53. Rh8 Kg5
54. Kxe2 Kxh5 55. Kf3 Rb4 56. Rg8 f5 57. Rg7 Kh4 58. Rg6 h5 59. Rg8 Rg4 60. Rf8
Rg1 61. Kf2 Rg5 62. Kf3 Kh3 63. Kf4 Rg1 64. Rh8 Rf1+ 65. Kg5 Kg2 66. Rxh5 f4
67. Kg4 f3 68. Rh3 f2 69. Rg3+ Kh2 1/2-1/2

[Event "Guernsey Open"]
[Site "Guernsey GCI"]
[Date "2007.10.24"]
[Round "4"]
[White "Franklin, Sam"]
[Black "Salimbeni, George"]
[Result "1-0"]
[WhiteElo "1917"]
[BlackElo "2060"]
[PlyCount "121"]
[EventDate "2006.10.15"]
[SourceDate "2006.10.28"]

1. e4 e5 2. Nf3 Nc6 3. Nc3 Nf6 4. Bb5 Bc5 5. O-O O-O 6. Nxe5 Nxe5 7. d4 Bd6 8.
f4 Nc6 9. e5 Be7 10. d5 Nb4 11. exf6 Bxf6 12. Ne4 Nxd5 13. Qxd5 c6 14. Qd3 cxb5
15. Qxb5 Bd4+ 16. Kh1 d5 17. Ng5 Bf5 18. Rd1 Bb6 19. Rxd5 Qe7 20. Bd2 Be6 21.
Bb4 Qf6 22. Qd3 g6 23. Nxe6 fxe6 24. Rd7 Rfd8 25. Bc3 Rxd7 26. Qxd7 Rd8 27.
Qxh7+ Kxh7 28. Bxf6 Rd2 29. c4 Bd4 30. Bxd4 Rxd4 31. b3 Rxf4 32. Kg1 Rd4 33.
Rf1 Kg7 34. g3 e5 35. Kg2 e4 36. Rf2 Rd1 37. Re2 Rd4 38. Kf2 Kf6 39. Ke3 Rd8
40. Kxe4 b6 41. h4 a5 42. Re3 g5 43. hxg5+ Kxg5 44. Rd3 Re8+ 45. Kd4 Kf5 46.
Rf3+ Kg6 47. Kd5 Rc8 48. Kd6 Kg5 49. Rf7 a4 50. Rb7 axb3 51. axb3 Rd8+ 52. Kc7
Rd3 53. Rxb6 Rxg3 54. b4 Kf5 55. b5 Ke5 56. Rc6 Rg7+ 57. Kb8 Kd4 58. b6 Rg8+
59. Ka7 Rg1 60. b7 Ra1+ 61. Ra6 1-0

[Event "Guernsey Open"]
[Site "Guernsey GCI"]
[Date "2007.10.24"]
[Round "4"]
[White "Goris, AA."]
[Black "Forbes, Garry"]
[Result "1-0"]
[WhiteElo "2056"]
[BlackElo "1634"]
[PlyCount "71"]
[EventDate "2006.10.15"]
[SourceDate "2006.10.28"]

1. e4 g6 2. d4 Bg7 3. Nc3 d6 4. f4 Nf6 5. Nf3 c5 6. Bb5+ Bd7 7. e5 Ng4 8. e6
fxe6 9. Ng5 Bxb5 10. Nxe6 Bxd4 {(=)} 11. Nxb5 Qa5+ 12. c3 Bf2+ 13. Kd2 Be3+ 14.
Kc2 Qa4+ 15. Kb1 Qe4+ 16. Qc2 Qxc2+ 17. Kxc2 Na6 18. Nec7+ Nxc7 19. Nxc7+ Kd7
20. Nxa8 Rxa8 21. g3 Bxc1 22. Raxc1 Re8 23. h3 Nh6 24. g4 e5 25. fxe5 Rxe5 26.
Rhe1 Rxe1 27. Rxe1 Nf7 28. c4 Ne5 29. Kc3 Ke6 30. Rf1 Ke7 31. g5 Nf7 32. h4 h6
33. h5 Nxg5 34. hxg6 Ne4+ 35. Kd3 Nf6 36. g7 1-0

[Event "Guernsey Open"]
[Site "Guernsey GCI"]
[Date "2007.10.24"]
[Round "4"]
[White "Van Ingen, Ton"]
[Black "Collier, David O"]
[Result "1/2-1/2"]
[WhiteElo "1970"]
[BlackElo "2131"]
[PlyCount "65"]
[EventDate "2006.10.15"]
[SourceDate "2006.10.28"]

1. d4 e6 2. Nf3 c5 3. e3 Nf6 4. c4 Be7 5. Nc3 O-O 6. Bd3 d5 7. cxd5 exd5 8.
dxc5 Bxc5 9. Na4 Bd6 10. Nd4 Bd7 11. O-O Qe8 12. Nc3 Nc6 13. Ncb5 Bb8 14. Re1
a6 15. Nxc6 bxc6 16. Nd4 c5 17. Nf3 Bg4 18. Be2 Qe7 19. Nd2 Bxe2 20. Qxe2 Re8
21. Nf3 Qb7 22. b3 a5 23. Qc2 Ne4 24. Bb2 Ra6 25. Nd2 Qc7 26. f4 Ba7 27. Be5
Qc6 28. Nxe4 dxe4 29. Rad1 Bb8 30. Bxb8 Rxb8 31. Rd2 h6 32. Red1 a4 33. Rd5
1/2-1/2

[Event "Guernsey Open"]
[Site "Guernsey GCI"]
[Date "2007.10.24"]
[Round "4"]
[White "Heath, Jeffrey"]
[Black "Westerkamp, Bert"]
[Result "0-1"]
[WhiteElo "1930"]
[BlackElo "2093"]
[PlyCount "102"]
[EventDate "2006.10.15"]
[SourceDate "2006.10.28"]

1. e4 e5 2. Bc4 Nf6 3. d3 c6 4. Nc3 d6 5. Nf3 Be7 6. O-O O-O 7. h3 Nbd7 8. Be3
Qc7 9. Ne2 d5 10. exd5 cxd5 11. Bb3 Nc5 12. Bxc5 Bxc5 13. d4 e4 14. Ne1 Bd6 15.
c3 Be6 16. Nc2 Qd7 17. f4 exf3 18. Rxf3 Ne4 19. Qc1 h6 20. Qe3 Ng5 21. Raf1
Rae8 22. Qd3 Nxf3+ 23. Qxf3 Bb8 24. Ne3 Qd6 25. Kf2 Rd8 26. Ke1 Rfe8 27. Kd2
Re7 28. Nf5 Bxf5 29. Qxf5 Qe6 30. Qf3 Qe4 31. Qf2 Rde8 32. Nc1 g5 33. Bc2 Qf4+
34. Qxf4 Bxf4+ 35. Kd1 Bxc1 36. Kxc1 Re1+ 37. Rxe1 Rxe1+ 38. Kd2 Rg1 39. Bb3
Rxg2+ 40. Kc1 Rg3 41. h4 gxh4 42. Bxd5 b6 43. Kc2 h3 44. c4 Kf8 45. b4 Ke7 46.
c5 h2 47. a4 Rg1 48. cxb6 axb6 49. a5 bxa5 50. bxa5 h1=Q 51. Bxh1 Rxh1 0-1